| 000 | 01266nam a2200313Ia 4500 | ||
|---|---|---|---|
| 001 | ebr10070703 | ||
| 003 | CaPaEBR | ||
| 006 | m u | ||
| 007 | cr cn||||||||| | ||
| 008 | 970626s1998 enk sb 001 0 eng d | ||
| 010 | _z 97027161 | ||
| 020 | _z0203025105 | ||
| 020 | _z0415171415 (alk. paper) | ||
| 040 |
_aCaPaEBR _cCaPaEBR |
||
| 035 | _a(OCoLC)50506697 | ||
| 050 | 1 | 4 |
_aHD3861.C6 _bS54 1998eb |
| 082 | 0 | 4 |
_a338/.064/0951 _221 |
| 100 | 1 |
_aShi, Yizheng, _d1948- |
|
| 245 | 1 | 0 |
_aChinese firms and technology in the reform era _h[electronic resource] / _cYizheng Shi. |
| 260 |
_aLondon ; _aNew York : _bRoutledge, _c1998. |
||
| 300 | _aix, 186 p. | ||
| 504 | _aIncludes bibliographical references (p.173-181) and index. | ||
| 533 |
_aElectronic reproduction. _bPalo Alto, Calif. : _cebrary, _d2007. _nAvailable via World Wide Web. _nAccess may be limited to ebrary affiliated libraries. |
||
| 650 | 0 |
_aGovernment business enterprises _xEffect of technological innovations on _zChina. |
|
| 650 | 0 |
_aTechnology transfer _zChina _vCase studies. |
|
| 655 | 7 |
_aElectronic books. _2local |
|
| 710 | 2 | _aebrary, Inc. | |
| 856 | 4 | 0 |
_uhttp://site.ebrary.com/lib/rucke/Doc?id=10070703 _zAn electronic book accessible through the World Wide Web; click to view |
| 999 |
_c31513 _d31513 |
||